00350nam a22001217a 450000500170000000800410001704100080005808200080006610000570007424500600013126000290019130000080022020240812153842.0240812b |||||||| |||| 00| 0 eng d aeng bPAT aPatil Pranoti- 2K221044 & Dr. Pranita Sonar - Guide  aAn Analysis of Job satisfaction of Employees at DQ Care aPune bSPPU cMarch-2024 a87p